Регионална библиотека "Любен Каравелов" - Русе

Професионални болести (Запис номер 92770)

MARC детайли
000 -Лидер
Контролно поле с фиксирана дължина 02252nam a2200397 c 4500
003 - Код на организацията, давaща контролен номер
Контролно поле BLK
005 - Дата и час на последна редакция
Контролно поле 20180420225434.0
008 - Елементи от данни с фиксирана дължина
fixed length control field 180408b bul|||||r ||||||| ||bul||
010 ## - Наследен системен номер
LC control number KNG00097558000
020 ## - Международен стандартен номер на книга ISBN
Международен стандартен номер на книга ISBN 978-954-9400-42-7
-- издат.: Рал-Колобър
040 ## - Източник на каталожния запис
Идентификатор на билиотеката - собственик на записа BLK
041 ## - Код за език
Код за езика на текст/звукозапис или на отделно заглавие Български
Код за езика КДБФ Български
072 #7 - Код за тематичната категория
Код организация bullib
Код за тематична категория Н61
Текст Медицина Н
080 ## - УДК
Текстов определител УДК Социална медицина. Обществен произход на заболяванията. - На лица изпълняващи някакви задължения или дейности, заболявания сред отделни социални класи или във връзка със семейни условия (многодетни
УДК код - определител по УДК 616-058
УДК определител (035)
УДК - код + определител 616-058(035)
080 ## - УДК
Текстов определител УДК Професионални болести. Общи въпроси
УДК код - определител по УДК 613.62
УДК определител (035)
УДК - код + определител 613.62(035)
100 1# - Редна дума - Автор
Автор Антонов, Марийо Бориславов
Авторска отговорност първи автор
R(LIN) 305087
139 ## - Редно поле
Редна дума Професионални болести
Авторски знак Прот - П 92
245 10 - Сведения за заглавието
Заглавие Професионални болести
Редно поле (дума) Марийо Бориславов Антонов; под ред. на Венета Костова; под ред. на Вера Петкова.
250 ## - Област на изданието
Сведения за изданието 2. доп. и прераб. изд.
257 ## - Страна на издаване
Страна на създаване/издаване България
260 ## - Област на издателските данни
-- София
Име на издателя, разпространителя и проч. Рал-Колобър
Година на издаване 2007
300 ## - Физическа характеристика
Страници 299 с.
Илюстрации и др. с ил.
Размери/Мащаб 22 см
380 ## - Жанр
Жанр Медицина
500 ## - Общи забележки
Забележка 1. изд. 2003. - Изд. на Мед. унив. Клиничен център по професионални болести. - Съдържа и Наредба за реда за съобщаване, регистриране, потвърждаване, обжалване и отчитане на професионалните болести.
650 #4 - Допълнително описание по предмет – тема
Основно описание – тема или топоним Професионални болести
9 (RLIN) 271600
653 ## - Ключова дума – ненормативна
Ключова дума професионални заболявания
653 ## - Ключова дума – ненормативна
Ключова дума наръчници
659 ## - Тематичен бюлетин
Тематичен бюлетин Н
700 1# - Други автори (авторска отговорност)
Лично име Костова, Венета
Автороска отговорност (Описва отношението между автора и произведението) под ред. на
9 (RLIN) 305088
700 1# - Други автори (авторска отговорност)
Лично име Петкова, Вера
Автороска отговорност (Описва отношението между автора и произведението) под ред. на
9 (RLIN) 305089
852 ## - Местоположение
Форматна сигнатура Цб 249445
856 4# - Електронен адрес и достъп
Електронен формат pdf - файл
Път до файла /url/
856 4# - Електронен адрес и достъп
Електронен формат pdf - файл
Път до файла /url/
942 ## - АРТИКУЛИ
Вид на библиотечния материал Книги
Скрит в OPAC Не
944 ## - СЪЗДАВАНЕ И РЕДАКЦИЯ на ЗАПИСА
Създаване/Редакция Създаване
Дата на регистрацията/редакция 22.10.2010
Служител, извършил регистрацията/редакцията Милена_Ачева
944 ## - СЪЗДАВАНЕ И РЕДАКЦИЯ на ЗАПИСА
Създаване/Редакция Редакция
Дата на регистрацията/редакция 09.12.2010
Служител, извършил регистрацията/редакцията
999 ## - СИСТЕМНИ КОНТРОЛНИ НОМЕРА
Koha biblionumber 92770
Koha biblioitemnumber 92770
Наличности
Код за отписване Код за изгубен артикул Код за повреда Коз за рестрикции Код за отдаване Артикулен № Име на библиотеката - собственик Име на библиотеката, в която се намира в момента Статус (Текущо местоположение) Дата на вписване в системата Местоположение - отдел Цена в лева Инвентарен номер Систематично азбучна сигнатура Баркод Номер на екземпляра Цена в евро Служебна бележка Служебен тип на артикула
  Не е изгубен Не е повреден без рестрикции ползва се в читалня 149302 Регионална библиотека "Любен Каравелов" Русе Регионална библиотека "Любен Каравелов" Русе Хранилище 2010-10-21 Хранилище 10.00 120000746789 Цб 249445 120000746789 1 5.11 Дост: Dp Вид: Д N: 7 Дата: 03.02.2010 Книги
Vip Innovations Ltd, Rousse, Bulgaria 2025